5HLuxD.jpg

KING HENRY VIII SENIOR AND PRIMARY SCHOOL LIBRARY OPAC

MAGNETS (DO IT YOURSELF EXPERIMENTS) (Record no. 5117)

000 -LEADER
fixed length control field 00352nam a22001217a 4500
008 - FIXED-LENGTH DATA ELEMENTS--GENERAL INFORMATION
fixed length control field 250625b ||||| |||| 00| 0 eng d
020 ## - INTERNATIONAL STANDARD BOOK NUMBER
International Standard Book Number 9781489652867
082 ## - DEWEY DECIMAL CLASSIFICATION NUMBER
Classification number 538.078 HAG
100 ## - MAIN ENTRY--PERSONAL NAME
Personal name HAGLER,GINA
Relator term AUTHOR
245 ## - TITLE STATEMENT
Title MAGNETS (DO IT YOURSELF EXPERIMENTS)
260 ## - PUBLICATION, DISTRIBUTION, ETC.
Place of publication, distribution, etc. 350 5TH AVENUE,59TH FLOOR,NEW YORK,NY 10118
Name of publisher, distributor, etc. AV BY WEIGL
Date of publication, distribution, etc. 2017
942 ## - ADDED ENTRY ELEMENTS (KOHA)
Source of classification or shelving scheme
Holdings
Withdrawn status Lost status Source of classification or shelving scheme Damaged status Not for loan Collection code Permanent Location Current Location Shelving location Date acquired Full call number Barcode Date last seen Price effective from Koha item type Public note
          Non-Fiction KH8 Primary School Library KH8 Primary School Library Non Fiction 2025-06-25 538.078 HAG 3KHPL000002253 2025-12-05 2025-06-25 Books - Non Ficton KH8 PRIMARY LIBRARY

Powered By KH8 IT Dept